000
00332nam a2200121Ia 4500
008
191206s9999 xx 000 0 und d
090
_a
QK882.H4
245
0
_a
physiological aspects of photosynthesis
260
_a
Stanford University Press
260
_c
c1969
300
_a
"x, 310 p. illus. 23 cm."
999
_c
16683
_d
16683